Minecraft 3rd Life: All Deaths in Order - Statistics

General Stats
  • This quiz has been taken 32 times
    22 since last reset
  • The average score is 20 of 42
Answer Stats
Session Player Death % Correct
1

GoodTimeWithScar

was blown up by Creeper
100%
1

Skizzleman

was slain by Enderman
73%
8

GoodTimeWithScar

was slain by Grian
73%
8

Grian

fell from a high place
73%
8

BdoubleO100

was slain by GoodTimeWithScar
64%
2

BdoubleO100

fell from a high place
55%
4

Smallishbeans

tried to swim in lava
55%
4

SolidarityGaming

tried to swim in lava
55%
3

GoodTimeWithScar

fell from a high place
55%
8

Grian

was shot by BdoubleO100
55%
5

Renthedog

was slain by InTheLittleWood using[💀 💀 💀 RED WINTER IS COMING 💀 💀 💀]
55%
8

bigbst4tz2

was shot by BdoubleO100
55%
5

Etho

was shot by Tango
45%
7

Grian

was shot by InTheLittleWood
45%
4

Renthedog

blew up
45%
5

Tango

was shot by impulseSV
45%
5

BdoubleO100

tried to swim in lava
45%
8

bigbst4tz2

was shot by Grian
45%
4

Skizzleman

blew up
45%
5

Smallishbeans

went up in flames
45%
4

SolidarityGaming

blew up
45%
8

impulseSV

was shot by BdoubleO100
45%
8

InTheLittleWood

was shot by GoodTimeWithScar
45%
8

Renthedog

was shot by GoodTimeWithScar
45%
7

SolidarityGaming

was shot by Skizzleman
45%
8

bigbst4tz2

was shot by Smajor1995
36%
7

impulseSV

was slain by Smajor1995
36%
7

InTheLittleWood

was shot by Skeleton
36%
7

Smajor1995

was shot by Etho using [Pew Pew]
36%
6

ZombieCleo

fell from a high place
36%
6

Etho

was shot by GoodTimeWithScar
36%
8

impulseSV

was slain by InTheLittleWood
36%
8

InTheLittleWood

was shot by impulseSV
36%
8

Smajor1995

was shot by Renthedog
36%
7

Tango

was shot by Renthedog
36%
7

ZombieCleo

was shot by Renthedog
36%
8

Etho

was burnt to a crisp whilst fighting impulseSV
36%
7

Skizzleman

was slain by Grian
36%
8

Smajor1995

was slain by Renthedog using [The Skizz Blade]
36%
8

Smallishbeans

was slain by Renthedog using [The Skizz Blade]
36%
8

Tango

was burnt to a crisp whilst fighting InTheLittleWood
36%
7

ZombieCleo

was slain by Skizzleman
36%
No matching quizzes found
Score Distribution
Percent of People with Each Score
Percentile by Number Answered
Your Score History
You have not taken this quiz since the last reset